| 000 | 00547cam a22002051 4500 | ||
|---|---|---|---|
| 001 | sa 68016978 | ||
| 003 | DLC | ||
| 005 | 20260227112659.0 | ||
| 008 | 890406s1967 xx 000 0 tamo | ||
| 010 | _asa 68016978 | ||
| 035 | _a(OCoLC)23574002 | ||
| 040 |
_aDLC _cMiU _dDLC |
||
| 042 | _apremarc | ||
| 050 | 0 | 0 |
_aGR305.5.T3 _bR3 |
| 100 | 1 |
_aRāmanātan̲, Aru., _d1924-1974. |
|
| 245 | 1 | 0 | _aMatanakāmarājan, Mariyātairāman kataikaḷ. |
| 260 | _c[1967] | ||
| 300 |
_a448 p. _billus. _c18 cm. |
||
| 650 | 0 |
_aTamil (Indic people) _xFolklore. |
|
| 999 |
_c87438 _d87438 |
||